000
00299nam a2200121Ia 4500
005
20260328101517.0
008
260328s9999||||xx |||||||||||||| ||und||
100
_a
Saltmarsh, John
245
0
_a
King's College Chapel /
_c
John Saltmarsh
260
_b
Jarrod & Sons
650
_a
EDAD MEDIA
942
_c
BK
999
_c
9410
_d
9410